| 000 | 00389nam a22001457a 4500 | ||
|---|---|---|---|
| 003 | OSt | ||
| 008 | 140411b xxu||||| |||| 00| 0 eng d | ||
| 100 | 1 | _aWinick, Lester E. | |
| 041 | _aeng | ||
| 245 | 1 | 0 | _aWhite Ace Postage Stamp Identifier, The |
| 260 |
_aFlorham Park, N.J. _bWashington Press |
||
| 300 | _a78 pages | ||
| 650 | 0 | _aPostage stamps--Identification. | |
| 650 | 0 | _aStamp collecting | |
| 999 |
_c508 _d508 |
||